[Event "Panamericano Sub 20 - Absoluto -"]
[Site "Montevideo"]
[Date "2009.10.09"]
[Round "5"]
[White "Vázquez Reyes, Raúl"]
[Black "Cóppola, Claudio"]
[Result "1-0"]
[WhiteElo "2137"]
[BlackElo "2105"]
[PlyCount "73"]
[EventDate "2009.10.??"]
[EventType "swiss"]
[EventRounds "9"]
[EventCountry "URU"]
[SourceDate "2009.10.06"]

1. e4 e5 2. Nf3 Nc6 3. Bb5 a6 4. Ba4 Nf6 5. d4 Nxd4 6. Nxd4 exd4 7. e5 Ne4 8.
Qxd4 Nc5 9. Nc3 Be7 10. Qg4 Kf8 11. Bb3 d5 12. Qf3 c6 13. O-O Be6 14. Ne2 Qd7
15. h3 Bf5 16. Nd4 Be4 17. Qe2 Ne6 18. c3 c5 19. Nxe6+ fxe6 20. c4 b5 21. cxd5
Bxd5 22. Bxd5 Qxd5 23. Rd1 Qc6 24. Qg4 Rd8 25. Bg5 Bxg5 26. Qxg5 Rd5 27. Rac1
Kf7 28. Qh5+ Ke7 29. Rxd5 Qxd5 30. Rd1 Qc6 31. Rd6 Qc8 32. f4 c4 33. f5 exf5
34. Qg5+ Ke8 35. Qxg7 Rf8 36. Kh1 b4 37. e6 1-0

[Event "Panamericano Sub 20 - Absoluto -"]
[Site "Montevideo"]
[Date "2009.10.09"]
[Round "5"]
[White "García Cárdenas, Pablo"]
[Black "Silveira, Shubert"]
[Result "1-0"]
[WhiteElo "2312"]
[BlackElo "2065"]
[PlyCount "61"]
[EventDate "2009.10.??"]
[EventType "swiss"]
[EventRounds "9"]
[EventCountry "URU"]
[SourceDate "2009.10.06"]

1. e4 d5 2. exd5 Nf6 3. c4 c6 4. d4 cxd5 5. Nc3 e6 6. Nf3 Be7 7. Bd3 O-O 8. O-O
Nc6 9. c5 b6 10. Bb5 Bb7 11. Bxc6 Bxc6 12. Ne5 Qc8 13. b4 bxc5 14. bxc5 Nd7 15.
Bf4 Nxe5 16. Bxe5 Qd7 17. Re1 Rfe8 18. Qg4 f6 19. Bg3 Bd8 20. Re3 Qf7 21. Rb1
Ba5 22. Nb5 Bxb5 23. Rxb5 Bd2 24. Reb3 e5 25. Rb7 exd4 26. h4 Re7 27. c6 Ba5
28. Rxe7 Qxe7 29. Rb7 Qf8 30. Bd6 f5 31. Qxd4 1-0

[Event "Panamericano Sub 20 - Absoluto -"]
[Site "Montevideo"]
[Date "2009.10.09"]
[Round "5"]
[White "González Reyes, Gabriel"]
[Black "Pulvett, Daniel"]
[Result "0-1"]
[WhiteElo "1917"]
[BlackElo "2237"]
[PlyCount "62"]
[EventDate "2009.10.??"]
[EventType "swiss"]
[EventRounds "9"]
[EventCountry "URU"]
[SourceDate "2009.10.06"]

1. d4 Nf6 2. c4 g6 3. Nf3 Bg7 4. Nc3 O-O 5. e4 d6 6. Be2 e5 7. O-O Nc6 8. d5
Ne7 9. Ne1 Nd7 10. Be3 f5 11. f3 f4 12. Bf2 g5 13. b4 Ng6 14. c5 Nf6 15. Rc1
Rf7 16. Qc2 g4 17. cxd6 cxd6 18. Nb5 g3 19. hxg3 fxg3 20. Bxg3 Bh6 21. Rb1 Nh5
22. Bf2 Bf4 23. g4 Ng3 24. Bxg3 Bxg3 25. Ng2 h5 26. Qd2 Nf4 27. Nxf4 Bxf4 28.
Qe1 Rg7 29. Rb2 Qb6+ 30. Kh1 hxg4 31. fxg4 Rh7+ 0-1

[Event "Panamericano Sub 20 - Absoluto -"]
[Site "Montevideo"]
[Date "2009.10.09"]
[Round "5"]
[White "Meza, Hugo"]
[Black "Izquierdo, Sebastián"]
[Result "1-0"]
[WhiteElo "2276"]
[BlackElo "2018"]
[PlyCount "83"]
[EventDate "2009.10.??"]
[EventType "swiss"]
[EventRounds "9"]
[EventCountry "URU"]
[SourceDate "2009.10.06"]

1. d4 d6 2. e4 g6 3. Nc3 Bg7 4. f4 Nf6 5. Nf3 O-O 6. Be2 c6 7. O-O Nbd7 8. Qe1
e5 9. dxe5 dxe5 10. f5 Ng4 11. h3 Nh6 12. f6 Nxf6 13. Qh4 Nh5 14. Qxd8 Rxd8 15.
g4 Nf4 16. g5 Nxh3+ 17. Kh2 Ng4+ 18. Kxh3 Ne3+ 19. Kg3 Nxf1+ 20. Bxf1 Be6 21.
Be3 f5 22. gxf6 Bxf6 23. Ng5 Bf7 24. a4 Be7 25. Be2 Kg7 26. Rf1 Bg8 27. Nf3 Re8
28. Nd1 h6 29. Nf2 Bf6 30. Ng4 h5 31. Bh6+ Kh7 32. Nxf6+ Kxh6 33. Nxe8 Rxe8 34.
Rd1 Re7 35. Rd6 Kg7 36. Nh4 Bf7 37. a5 Rc7 38. Nf3 Re7 39. Kh4 Be8 40. Kg5 Rf7
41. Rxg6+ Kf8 42. Rf6 1-0

[Event "Panamericano Sub 20 - Absoluto -"]
[Site "Montevideo"]
[Date "2009.10.09"]
[Round "5"]
[White "Carbone, Diego"]
[Black "Vaz, Leonardo"]
[Result "1/2-1/2"]
[WhiteElo "1912"]
[BlackElo "2028"]
[PlyCount "169"]
[EventDate "2009.10.??"]
[EventType "swiss"]
[EventRounds "9"]
[EventCountry "URU"]
[SourceDate "2009.10.06"]

1. d4 Nf6 2. c4 e6 3. g3 Be7 4. Bg2 O-O 5. Nf3 d5 6. O-O c6 7. Qc2 Nbd7 8. Rd1
Re8 9. b3 Ne4 10. Ne5 f5 11. f3 Nef6 12. Bb2 Rf8 13. Nd3 Nh5 14. e3 Bd6 15. Ba3
Qe7 16. Bxd6 Qxd6 17. Nf4 Ndf6 18. Nd3 Bd7 19. Ne5 g5 20. Qe2 Rac8 21. c5 Qe7
22. Nc3 Be8 23. b4 a6 24. a4 Nd7 25. Nxd7 Bxd7 26. e4 Qg7 27. e5 Ra8 28. b5
Rfb8 29. Rdb1 axb5 30. axb5 Qf8 31. b6 Rxa1 32. Rxa1 Ng7 33. Ra7 Qd8 34. Qa2
Be8 35. Qa5 h6 36. Na2 Bd7 37. Nb4 Ne8 38. Bf1 Ng7 39. Kf2 Be8 40. Bd3 Nh5 41.
Bc2 Bd7 42. Ba4 Ng7 43. Kg2 Qe8 44. Kf2 Nh5 45. Kg2 Ng7 46. Bd1 Qd8 47. Bc2 Qe8
48. Bd3 Qd8 49. Qa2 Be8 50. Qc2 Bf7 51. Qa4 Be8 52. Kf2 Bd7 53. Bf1 Be8 54. Be2
Bd7 55. Qa3 Be8 56. Kg2 Bd7 57. Qa4 Be8 58. Bf1 Bd7 59. Bd3 Be8 60. Qa1 Bd7 61.
Qh1 Be8 62. Ra2 Qe7 63. Kf1 Nh5 64. Qg2 Ng7 65. Ke1 Bh5 66. Kd2 Qd8 67. Kc3 Bf7
68. Kb3 Be8 69. Ra1 Bf7 70. Qa2 Bh5 71. Be2 Bg6 72. Qa7 Be8 73. Kc3 Bd7 74. Bd1
Qe8 75. Be2 Qd8 76. Kb2 Be8 77. Ra4 Bd7 78. Kc3 Qe8 79. Ra1 Qd8 80. Ba6 Qc8 81.
Be2 Qd8 82. Ra3 Qe8 83. Ra4 Qd8 84. Ba6 Qc8 85. Be2 1/2-1/2

[Event "Panamericano Sub 20 - Absoluto -"]
[Site "Montevideo"]
[Date "2009.10.09"]
[Round "5"]
[White "Michailov, Matías"]
[Black "Hurtado, Matías"]
[Result "1-0"]
[WhiteElo "1886"]
[BlackElo "1920"]
[PlyCount "53"]
[EventDate "2009.10.??"]
[EventType "swiss"]
[EventRounds "9"]
[EventCountry "URU"]
[SourceDate "2009.10.06"]

1. e4 c5 2. Nf3 e6 3. d4 cxd4 4. Nxd4 a6 5. Bd3 Nf6 6. O-O Qc7 7. Qe2 d6 8. c4
Nbd7 9. f4 b6 10. Kh1 Nc5 11. Bc2 Bb7 12. Nc3 h5 13. e5 Ng4 14. Nd5 Qd8 15. b4
dxe5 16. bxc5 exd4 17. cxb6 Bc5 18. f5 Nxh2 19. Nc7+ Kf8 20. Nxe6+ fxe6 21.
fxe6+ Nxf1 22. Qxf1+ Qf6 23. Bg5 Ke7 24. Qf5 Bd6 25. c5 Bg3 26. Bxf6+ gxf6 27.
Qg6 1-0

[Event "Panamericano Sub 20 - Absoluto -"]
[Site "Montevideo"]
[Date "2009.10.09"]
[Round "5"]
[White "Ibañez Iglesias, Rodrigo"]
[Black "Cucchi, Nicolás"]
[Result "1/2-1/2"]
[WhiteElo "1934"]
[BlackElo "1963"]
[PlyCount "35"]
[EventDate "2009.10.??"]
[EventType "swiss"]
[EventRounds "9"]
[EventCountry "URU"]
[SourceDate "2009.10.06"]

1. e4 c5 2. Nf3 d6 3. d4 cxd4 4. Nxd4 Nf6 5. Nc3 a6 6. Be2 e5 7. Nb3 Be7 8. O-O
Rg8 9. f4 exf4 10. Bxf4 Nc6 11. Bf3 Be6 12. Nd5 Bxd5 13. exd5 Ne5 14. Re1 Nfd7
15. c3 Bf6 16. Kh1 Qc7 17. Nd4 g6 18. Qc2 1/2-1/2

[Event "Panamericano Sub 20 - Absoluto -"]
[Site "Montevideo"]
[Date "2009.10.09"]
[Round "5"]
[White "Cabezas, Gonzalo"]
[Black "Carlo, Daniel"]
[Result "1-0"]
[WhiteElo "1929"]
[BlackElo "2091"]
[PlyCount "83"]
[EventDate "2009.10.??"]
[EventType "swiss"]
[EventRounds "9"]
[EventCountry "URU"]
[SourceDate "2009.10.06"]

1. c4 e6 2. g3 d5 3. Bg2 g6 4. Nf3 Bg7 5. O-O Ne7 6. e3 c6 7. Qc2 O-O 8. d3 Nd7
9. Nbd2 b5 10. Rb1 bxc4 11. dxc4 Rb8 12. b4 Ba6 13. a4 Qc7 14. Rd1 dxc4 15.
Nxc4 Nd5 16. Ba3 Bxc4 17. Qxc4 Nc3 18. b5 c5 19. Nd4 Nxb1 20. Rxb1 Rfc8 21. Nc6
Ne5 22. Qxc5 Nxc6 23. Bxc6 Qa5 24. Qc2 a6 25. Bd6 Ra8 26. Qe4 axb5 27. Bxa8
Qxa8 28. Qxa8 Rxa8 29. axb5 Bf8 30. Bc7 Ra7 31. b6 Rb7 32. Kf1 Be7 33. Ke2 Kf8
34. Kd3 Ke8 35. Kc4 Bd8 36. Bxd8 Kxd8 37. Kc5 Kc8 38. Kc6 h5 39. Ra1 Kb8 40.
Ra7 Rxa7 41. bxa7+ Kxa7 42. Kd7 1-0

[Event "Panamericano Sub 20 - Absoluto -"]
[Site "Montevideo"]
[Date "2009.10.10"]
[Round "6"]
[White "Uribe, Daniel"]
[Black "Gallego, Andrés"]
[Result "0-1"]
[WhiteElo "2264"]
[BlackElo "2404"]
[PlyCount "100"]
[EventDate "2009.10.??"]
[EventType "swiss"]
[EventRounds "9"]
[EventCountry "URU"]
[SourceDate "2009.10.06"]

1. e4 c5 2. Nf3 Nc6 3. d4 cxd4 4. Nxd4 Nf6 5. Nc3 e5 6. Ndb5 d6 7. Bg5 a6 8.
Na3 b5 9. Nd5 Be7 10. Bxf6 Bxf6 11. c3 O-O 12. Nc2 Rb8 13. a4 bxa4 14. Ncb4
Nxb4 15. Nxb4 Bb7 16. Qxa4 a5 17. Qxa5 Bxe4 18. Qxd8 Rfxd8 19. f3 Ba8 20. Bd3
d5 21. O-O Be7 22. Ra4 g6 23. Re1 Bd6 24. Kf1 Re8 25. Bc2 e4 26. Bb3 Bxb4 27.
Rxb4 Rxb4 28. cxb4 Rb8 29. fxe4 dxe4 30. Ra1 Bc6 31. Ra7 Rb7 32. Rxb7 Bxb7 33.
Kf2 Kg7 34. Ke3 f5 35. Kd4 Kf6 36. g3 g5 37. b5 f4 38. gxf4 gxf4 39. Bg8 e3 40.
Kd3 Be4+ 41. Ke2 Ke5 42. Bc4 Kd4 43. b3 f3+ 44. Kf1 Bb7 45. Ke1 h6 46. h4 Bc8
47. b6 Kc5 48. Be6 f2+ 49. Ke2 Ba6+ 50. Bc4 Bxc4+ 0-1

[Event "Panamericano Sub 20 - Absoluto -"]
[Site "Montevideo"]
[Date "2009.10.10"]
[Round "6"]
[White "Diaz, Ciro"]
[Black "Ibarra Chami, Luis"]
[Result "0-1"]
[WhiteElo "2323"]
[BlackElo "2393"]
[PlyCount "108"]
[EventDate "2009.10.??"]
[EventType "swiss"]
[EventRounds "9"]
[EventCountry "URU"]
[SourceDate "2009.10.06"]

1. e4 e5 2. Nf3 Nc6 3. Bb5 a6 4. Ba4 d6 5. c3 Bd7 6. O-O g6 7. d4 Bg7 8. d5
Nce7 9. Bxd7+ Qxd7 10. c4 h6 11. b4 f5 12. Nc3 Nf6 13. Nd2 fxe4 14. Ndxe4 Nxe4
15. Nxe4 a5 16. bxa5 Rxa5 17. a4 b6 18. Bd2 Ra8 19. Ra3 O-O 20. Qa1 Nf5 21. Rb1
Nd4 22. Qa2 Ra6 23. f3 g5 24. h3 Kh8 25. a5 bxa5 26. Rxa5 Rxa5 27. Qxa5 Nxf3+
28. gxf3 Qxh3 29. Be1 Rxf3 30. Ng3 Rxg3+ 31. Bxg3 Qxg3+ 32. Kh1 Qf3+ 33. Kg1
Qe3+ 34. Kh2 Qf4+ 35. Kg1 Qg4+ 36. Kh2 Qxc4 37. Rb8+ Kh7 38. Rb7 Qf4+ 39. Kg1
Qg3+ 40. Kh1 Qf3+ 41. Kg1 e4 42. Qxc7 Qf6 43. Qe7 Qd4+ 44. Kh2 e3 45. Qxd6 Qh4+
46. Kg2 Qf2+ 47. Kh3 h5 48. Rxg7+ Kxg7 49. Qe7+ Kg6 50. Qe6+ Qf6 51. Qxe3 Qf5+
52. Kg3 h4+ 53. Kg2 Qxd5+ 54. Kh3 Qh1+ 0-1

[Event "Panamericano Sub 20 - Absoluto -"]
[Site "Montevideo"]
[Date "2009.10.10"]
[Round "6"]
[White "Pulvett, Daniel"]
[Black "Diamant, André"]
[Result "1/2-1/2"]
[WhiteElo "2237"]
[BlackElo "2526"]
[PlyCount "64"]
[EventDate "2009.10.??"]
[EventType "swiss"]
[EventRounds "9"]
[EventCountry "URU"]
[SourceDate "2009.10.06"]

1. d4 Nf6 2. c4 e6 3. Nf3 c5 4. d5 exd5 5. cxd5 d6 6. Nc3 g6 7. Nd2 Bg7 8. e4
O-O 9. Be2 Re8 10. O-O a6 11. a4 Nbd7 12. f4 Rb8 13. Kh1 b6 14. Qc2 Qc7 15. Nc4
b5 16. axb5 axb5 17. Nxd6 Qxd6 18. e5 Qb6 19. exf6 Nxf6 20. Bxb5 Rd8 21. Bc4
Bf5 22. Bd3 Nxd5 23. Bxf5 Nb4 24. Qb1 gxf5 25. Qxf5 Qg6 26. Qxc5 Nd3 27. Qg5
Nxb2 28. Bxb2 Qxg5 29. fxg5 Rxb2 30. Ne4 Re2 31. Nf6+ Bxf6 32. gxf6 h6 1/2-1/2

[Event "Panamericano Sub 20 - Absoluto -"]
[Site "Montevideo"]
[Date "2009.10.10"]
[Round "6"]
[White "Krysa, Leandro"]
[Black "Macias, Bryan"]
[Result "1/2-1/2"]
[WhiteElo "2284"]
[BlackElo "2363"]
[PlyCount "69"]
[EventDate "2009.10.??"]
[EventType "swiss"]
[EventRounds "9"]
[EventCountry "URU"]
[SourceDate "2009.10.06"]

1. d4 Nf6 2. Nf3 c5 3. d5 g6 4. Nc3 Bg7 5. e4 d6 6. Be2 O-O 7. O-O b6 8. Bf4
Nh5 9. Be3 Ba6 10. Nd2 Bxe2 11. Qxe2 Qc8 12. f4 Nf6 13. h3 Qa6 14. Qf3 Nbd7 15.
a4 Rab8 16. g4 Qb7 17. Nc4 Ne8 18. h4 a6 19. h5 gxh5 20. g5 f6 21. Qxh5 fxg5
22. fxg5 Bxc3 23. Rxf8+ Nxf8 24. bxc3 Ng7 25. Qh3 Qc7 26. Bd2 Ng6 27. Kg2 Qd8
28. Rg1 Nf8 29. Ne3 Qe8 30. Ng4 Qg6 31. Nh6+ Kh8 32. Qf3 Nd7 33. Nf7+ Kg8 34.
Nh6+ Kh8 35. Nf7+ 1/2-1/2

[Event "Panamericano Sub 20 - Absoluto -"]
[Site "Montevideo"]
[Date "2009.10.10"]
[Round "6"]
[White "Arcos Facio, Mateo"]
[Black "García Cárdenas, Pablo"]
[Result "0-1"]
[WhiteElo "2109"]
[BlackElo "2312"]
[PlyCount "124"]
[EventDate "2009.10.??"]
[EventType "swiss"]
[EventRounds "9"]
[EventCountry "URU"]
[SourceDate "2009.10.06"]

1. e4 c6 2. d4 d5 3. Nd2 dxe4 4. Nxe4 Bf5 5. Ng3 Bg6 6. Bc4 e6 7. N1e2 Bd6 8.
O-O Nd7 9. f4 Nh6 10. Bd3 Qh4 11. Ne4 Bxe4 12. Bxe4 O-O 13. Bd2 Rad8 14. Qe1
Qe7 15. Ng3 c5 16. dxc5 Bxc5+ 17. Kh1 Qh4 18. Ne2 Qxe1 19. Bxe1 Ng4 20. Rf3 Bb6
21. h3 Ne3 22. Bf2 Nc4 23. Bxb6 Ndxb6 24. Bxb7 Rd2 25. Ng3 Nxb2 26. Rc3 Rfd8
27. Rc7 R2d7 28. Rxd7 Rxd7 29. Bf3 Rc7 30. Rb1 Rxc2 31. Be4 Rd2 32. Nf1 Rd1 33.
Rxd1 Nxd1 34. Bc2 Nc3 35. a3 Nb5 36. a4 Nd4 37. Bd1 Nd5 38. g3 Nc3 39. Ne3 Kf8
40. a5 Nxd1 41. Nxd1 Nb3 42. a6 Ke7 43. Nc3 Nd4 44. Kg2 Kd7 45. Ne4 h6 46. g4
Nc2 47. h4 Nb4 48. Nc3 Kc6 49. h5 Nxa6 50. Ne4 Nc5 51. Nf2 a5 52. g5 a4 53. Nd1
a3 54. Nc3 Na4 55. Na2 Kd5 56. Kf3 Kd4 57. f5 exf5 58. gxh6 gxh6 59. Kf4 Nc3
60. Nc1 Nd5+ 61. Kxf5 Kc3 62. Ke5 Kc2 0-1

[Event "Panamericano Sub 20 - Absoluto -"]
[Site "Montevideo"]
[Date "2009.10.10"]
[Round "6"]
[White "Mamani, Joan"]
[Black "Meza, Hugo"]
[Result "1-0"]
[WhiteElo "2060"]
[BlackElo "2276"]
[PlyCount "135"]
[EventDate "2009.10.??"]
[EventType "swiss"]
[EventRounds "9"]
[EventCountry "URU"]
[SourceDate "2009.10.06"]

1. e4 c5 2. Nf3 Nc6 3. g3 g6 4. d4 cxd4 5. Nxd4 Bg7 6. Ne2 Nf6 7. Bg2 O-O 8.
O-O d6 9. Nbc3 Bd7 10. h3 Rc8 11. Be3 Na5 12. b3 b5 13. Rc1 a6 14. Qd2 Nc6 15.
Nd5 Nxd5 16. exd5 Na5 17. Nd4 Nb7 18. Rfe1 Re8 19. c3 Nc5 20. c4 b4 21. Re2 a5
22. Rb1 e5 23. dxe6 fxe6 24. Rd1 e5 25. Nc2 Bf8 26. Bg5 Qc7 27. Ne3 Be6 28. Nd5
Bxd5 29. Bxd5+ Kh8 30. Bg2 Be7 31. Be3 Ne6 32. Bd5 Ng7 33. g4 Rb8 34. f3 Bf6
35. Qe1 Qe7 36. Red2 Red8 37. Rd3 Bg5 38. Bf2 Bf4 39. Kg2 g5 40. Qg1 Rf8 41.
Be4 Rf6 42. c5 dxc5 43. Bxc5 Qf7 44. Rd7 Qg8 45. Ra7 Qc8 46. Rdd7 Ne6 47. Rxh7+
Kg8 48. Bd5 Rg6 49. Rac7 Qa6 50. Bc4 e4 51. Bxa6 exf3+ 52. Kxf3 Nxc7 53. Rxc7
Bxc7 54. Bc4+ Kg7 55. Qa1+ Kh6 56. Bf7 Rc6 57. Qd4 Rd8 58. Bd5 Rg6 59. Be7 Rc8
60. Bf7 Bb6 61. Qe5 Rc3+ 62. Kg2 Rc2+ 63. Kf1 Rf2+ 64. Ke1 Rg7 65. Bxg5+ Kh7
66. Bd5 Rf8 67. Be4+ Kg8 68. Qe6+ 1-0

[Event "Panamericano Sub 20 - Absoluto -"]
[Site "Montevideo"]
[Date "2009.10.10"]
[Round "6"]
[White "Cóppola, Claudio"]
[Black "Sanguinetti, Luis"]
[Result "1-0"]
[WhiteElo "2105"]
[BlackElo "2116"]
[PlyCount "117"]
[EventDate "2009.10.??"]
[EventType "swiss"]
[EventRounds "9"]
[EventCountry "URU"]
[SourceDate "2009.10.06"]

1. d4 Nf6 2. c4 g6 3. g3 Bg7 4. Bg2 O-O 5. Nc3 c6 6. e4 d6 7. Nf3 Nbd7 8. O-O
e5 9. h3 exd4 10. Nxd4 Re8 11. Be3 Nc5 12. Qc2 a5 13. Rad1 Qe7 14. Rfe1 Ne6 15.
f4 Nh5 16. Kh2 Nxd4 17. Bxd4 Be6 18. Qd3 Bxd4 19. Qxd4 Rad8 20. b3 Qc7 21. Rd2
Ng7 22. Red1 Rd7 23. Qf6 Qd8 24. Qxd8 Rexd8 25. Na4 b5 26. cxb5 cxb5 27. Nb6
Rc7 28. Rxd6 Rxd6 29. Rxd6 Kf8 30. Rd2 Rc3 31. Bf1 Nh5 32. Bd3 Rc6 33. Nd5 Bxd5
34. exd5 Rc5 35. Be2 Nf6 36. d6 Ke8 37. a4 bxa4 38. bxa4 Ne4 39. Rd4 Nxd6 40.
Rxd6 Rc2 41. Ra6 Rxe2+ 42. Kg1 Ra2 43. Rxa5 Ke7 44. Ra7+ Ke6 45. f5+ Kf6 46.
fxg6 hxg6 47. a5 Kg5 48. a6 f5 49. Ra8 f4 50. gxf4+ Kxf4 51. Kf1 Kg3 52. a7 g5
53. Ke1 Kg2 54. h4 gxh4 55. Rg8+ Kh1 56. a8=Q+ Rxa8 57. Rxa8 Kg2 58. Rg8+ Kh2
59. Kf2 1-0

[Event "Panamericano Sub 20 - Absoluto -"]
[Site "Montevideo"]
[Date "2009.10.10"]
[Round "6"]
[White "Silveira, Shubert"]
[Black "Michailov, Matías"]
[Result "1/2-1/2"]
[WhiteElo "2065"]
[BlackElo "1886"]
[PlyCount "113"]
[EventDate "2009.10.??"]
[EventType "swiss"]
[EventRounds "9"]
[EventCountry "URU"]
[SourceDate "2009.10.06"]

1. e4 e6 2. d4 d5 3. Nd2 c5 4. Ngf3 Nf6 5. e5 Nfd7 6. c3 Nc6 7. Bd3 f5 8. exf6
Nxf6 9. O-O cxd4 10. cxd4 Bd6 11. Re1 O-O 12. Nf1 Qc7 13. Bg5 Bd7 14. a3 a5 15.
Bh4 Rae8 16. Rc1 Qb8 17. Bg3 Rd8 18. Ne3 Be8 19. Ng5 Bh5 20. Bxh7+ Nxh7 21.
Qxh5 Nxg5 22. Qxg5 Nxd4 23. Ng4 Bf4 24. Qg6 Nf5 25. Qxe6+ Kh8 26. Rcd1 d4 27.
Ne5 Rf6 28. Ng6+ Kh7 29. Bxf4 Rxe6 30. Bxb8 Rxg6 31. Re5 Rxb8 32. Rxf5 Rb6 33.
Rxd4 Rxb2 34. g3 b5 35. Rd7 b4 36. axb4 axb4 37. Rff7 Rb1+ 38. Kg2 b3 39. Rxg7+
Kh6 40. Rb7 Ra8 41. Rg4 Ra2 42. Rgb4 Rbb2 43. Rxb3 Rxf2+ 44. Kh3 Rxh2+ 45. Kg4
Ra4+ 46. Kf3 Ra6 47. R3b4 Rc2 48. R7b6+ Rxb6 49. Rxb6+ Kg5 50. Rb5+ Kf6 51. g4
Rc3+ 52. Kf4 Rc4+ 53. Kg3 Rc6 54. Rf5+ Kg6 55. Re5 Rf6 56. g5 Rf1 57. Kg2
1/2-1/2

[Event "Panamericano Sub 20 - Absoluto -"]
[Site "Montevideo"]
[Date "2009.10.10"]
[Round "6"]
[White "Carbone, Diego"]
[Black "Decuadro, Sebastián"]
[Result "1-0"]
[WhiteElo "1912"]
[BlackElo "2034"]
[PlyCount "101"]
[EventDate "2009.10.??"]
[EventType "swiss"]
[EventRounds "9"]
[EventCountry "URU"]
[SourceDate "2009.10.06"]

1. e4 c5 2. Nf3 d6 3. d4 cxd4 4. Nxd4 Nf6 5. Nc3 a6 6. Bg5 e6 7. f4 Be7 8. Qf3
Qc7 9. O-O-O Nbd7 10. g4 b5 11. Bxf6 Nxf6 12. g5 Nd7 13. f5 Bxg5+ 14. Kb1 Ne5
15. Qh5 Qd8 16. Rg1 Bf6 17. fxe6 g6 18. exf7+ Kxf7 19. Qh6 Bg7 20. Qf4+ Qf6 21.
Qg3 Qd8 22. Nd5 Re8 23. Qb3 Kf8 24. Bg2 Bh6 25. Nf6 Qxf6 26. Rgf1 Bf4 27. Rxf4
Qxf4 28. Rf1 Qxf1+ 29. Bxf1 Bd7 30. Qd5 Ke7 31. b3 Rf8 32. Kb2 Rab8 33. Be2 Rf2
34. h4 Rh2 35. Nf3 Bc6 36. Qd4 Nxf3 37. Bxf3 Rxh4 38. Qg7+ Ke6 39. Qc7 Rf8 40.
Qxc6 Rxf3 41. Qe8+ Kf6 42. Qd8+ Ke6 43. Qxh4 Rf7 44. Qg5 Rf6 45. Qd5+ Ke7 46.
Qb7+ Ke6 47. Qxh7 Ke5 48. Qg7 Ke6 49. Kc3 Rf4 50. Qxg6+ Ke5 51. Qe8+ 1-0

[Event "Panamericano Sub 20 - Absoluto -"]
[Site "Montevideo"]
[Date "2009.10.10"]
[Round "6"]
[White "Vaz, Leonardo"]
[Black "González Reyes, Gabriel"]
[Result "1-0"]
[WhiteElo "2028"]
[BlackElo "1917"]
[PlyCount "71"]
[EventDate "2009.10.??"]
[EventType "swiss"]
[EventRounds "9"]
[EventCountry "URU"]
[SourceDate "2009.10.06"]

1. e4 e5 2. Nf3 d6 3. d4 Nf6 4. Nc3 Nbd7 5. Bc4 Be7 6. O-O O-O 7. Re1 c6 8. a4
b6 9. b3 Bb7 10. Ba3 c5 11. d5 Ne8 12. Ne2 g6 13. Ng3 Ng7 14. Bb2 Kh8 15. Qd2
f5 16. exf5 gxf5 17. Rad1 Bf6 18. Qh6 a6 19. h4 Qe8 20. Ng5 Qg6 21. Qxg6 hxg6
22. f3 Bxg5 23. hxg5 Kg8 24. Kf2 Kf7 25. Rh1 Rh8 26. Be2 Nh5 27. Nxh5 gxh5 28.
Bd3 Kg6 29. g4 hxg4 30. fxg4 Rxh1 31. Bxf5+ Kg7 32. Rxh1 Nf8 33. Rh6 Rd8 34. c4
b5 35. Rxd6 Rxd6 36. Bxe5+ 1-0

[Event "Panamericano Sub 20 - Absoluto -"]
[Site "Montevideo"]
[Date "2009.10.10"]
[Round "6"]
[White "Cucchi, Nicolás"]
[Black "Cabezas, Gonzalo"]
[Result "1-0"]
[WhiteElo "1963"]
[BlackElo "1929"]
[PlyCount "73"]
[EventDate "2009.10.??"]
[EventType "swiss"]
[EventRounds "9"]
[EventCountry "URU"]
[SourceDate "2009.10.06"]

1. e4 c5 2. Nf3 d6 3. d4 cxd4 4. Nxd4 Nf6 5. Nc3 g6 6. Bg5 Bg7 7. Bb5+ Bd7 8.
Qe2 Nc6 9. O-O-O O-O 10. Bxc6 Bxc6 11. Nxc6 bxc6 12. e5 Nd5 13. Nxd5 cxd5 14.
exd6 Qb6 15. c3 exd6 16. Rxd5 Rab8 17. Rd3 Rfc8 18. Qd2 Qa5 19. a3 Rb3 20. Kc2
Qa4 21. Rxd6 Rxa3+ 22. Kd3 Qc4+ 23. Ke3 Re8+ 24. Kf3 Bxc3 25. bxc3 Rxc3+ 26.
Be3 Qe4+ 27. Kg3 Rc4 28. Rd4 Qe5+ 29. Kf3 Qf5+ 30. Kg3 Rxd4 31. Qxd4 Re4 32.
Qd8+ Kg7 33. h3 Qe5+ 34. Kf3 Rc4 35. Qd3 Qh5+ 36. g4 Rxg4 37. Qc3+ 1-0

[Event "Panamericano Sub 20 - Absoluto -"]
[Site "Montevideo"]
[Date "2009.10.10"]
[Round "7"]
[White "Gallego, Andrés"]
[Black "Ibarra Chami, Luis"]
[Result "1/2-1/2"]
[WhiteElo "2404"]
[BlackElo "2393"]
[PlyCount "184"]
[EventDate "2009.10.??"]
[EventType "swiss"]
[EventRounds "9"]
[EventCountry "URU"]
[SourceDate "2009.10.06"]

1. e4 e5 2. Nf3 Nc6 3. Bb5 a6 4. Ba4 d6 5. O-O Bd7 6. d4 Nf6 7. Re1 Be7 8. Bxc6
Bxc6 9. Nc3 exd4 10. Nxd4 Bd7 11. Qf3 O-O 12. b3 Re8 13. Bb2 Qc8 14. Nf5 Bxf5
15. exf5 c6 16. Ne4 d5 17. Nxf6+ Bxf6 18. Bxf6 gxf6 19. Rxe8+ Qxe8 20. Kf1 Qd7
21. Rd1 Re8 22. Qg4+ Kh8 23. Rd3 Rg8 24. Qf4 Qe7 25. Re3 Qa3 26. Re1 Kg7 27.
Qg3+ Kh8 28. Qc7 Kg7 29. Qxb7 Qc5 30. Re2 a5 31. Qe7 Qd4 32. g3 a4 33. Kg2 c5
34. Qe3 Qb4 35. c3 Qb7 36. Qxc5 Rc8 37. Qd4 axb3 38. axb3 Qxb3 39. Re3 Qb7 40.
Qg4+ Kh8 41. Qb4 Qc6 42. Kh3 Qd7 43. Rf3 Kg7 44. Rf4 Kh8 45. Qd4 Qd6 46. Qa7
Qc7 47. Qxc7 Rxc7 48. Rf3 Rc4 49. Rd3 Kg8 50. Kg2 Kf8 51. Kf3 Ke7 52. Ke3 Kd6
53. f4 Re4+ 54. Kf3 h5 55. Rd4 Re1 56. c4 Rc1 57. Rxd5+ Ke7 58. Rd4 Rc2 59. h3
Rc3+ 60. Ke4 Rxg3 61. Rd3 Rg1 62. Kd5 h4 63. Ra3 Rg3 64. Ra7+ Ke8 65. Ra8+ Ke7
66. Ra7+ Ke8 67. c5 Rxh3 68. Ra8+ Ke7 69. Ra7+ Ke8 70. Ra8+ Ke7 71. Rh8 Rh1 72.
Kc6 h3 73. Kc7 Rh2 74. c6 Rh1 75. Rd8 Rg1 76. Rd7+ Ke8 77. Rd2 Rg2 78. Rd3 h2
79. Rh3 Ke7 80. Kb8 Rb2+ 81. Kc8 Rd2 82. c7 Rb2 83. Re3+ Kf8 84. Re1 Rg2 85.
Kd7 Rd2+ 86. Kc6 Rc2+ 87. Kb7 Rb2+ 88. Ka6 Ra2+ 89. Kb5 Rb2+ 90. Kc6 Rc2+ 91.
Kd7 Rd2+ 92. Kc8 Rg2 1/2-1/2

[Event "Panamericano Sub 20 - Absoluto -"]
[Site "Montevideo"]
[Date "2009.10.10"]
[Round "7"]
[White "García Cárdenas, Pablo"]
[Black "Diaz, Ciro"]
[Result "1-0"]
[WhiteElo "2312"]
[BlackElo "2323"]
[PlyCount "97"]
[EventDate "2009.10.??"]
[EventType "swiss"]
[EventRounds "9"]
[EventCountry "URU"]
[SourceDate "2009.10.06"]

1. c4 Nf6 2. Nc3 g6 3. g3 Bg7 4. Bg2 O-O 5. d3 d6 6. Nf3 Nc6 7. Rb1 Nh5 8. O-O
f5 9. d4 e5 10. dxe5 dxe5 11. Qxd8 Rxd8 12. e4 Nf6 13. Bg5 Rf8 14. Rfe1 Ne8 15.
Nd5 Rf7 16. Bd2 h6 17. Bc3 Nd6 18. exf5 Bxf5 19. Rbc1 Re8 20. b3 Ne4 21. g4
Bxg4 22. Nxe5 Nxc3 23. Nxg4 Ne2+ 24. Kf1 Ncd4 25. Rcd1 Ref8 26. Rxe2 Nxe2 27.
Kxe2 h5 28. Ndf6+ Kh8 29. Nd7 Rd8 30. Nge5 Bxe5 31. Nxe5 Re8 32. Rd8 Rfe7 33.
Rxe8+ Rxe8 34. f4 g5 35. Kf2 Kg7 36. Bxb7 gxf4 37. Nd3 Rf8 38. Kf3 Kg6 39. h4
Kf5 40. Be4+ Ke6 41. Bg6 Rg8 42. Nxf4+ Ke5 43. Ke3 c5 44. Bxh5 Rg1 45. Nd3+ Kd6
46. Be2 a5 47. h5 Ke7 48. Nxc5 Ra1 49. a4 1-0